How to negotiate the labor agreement : an outline summary of tested bargaining practice expanded from earlier editions /

Bibliographic Details
Main Author: Morse, Bruce
Format: Book
Language:English
Published: Southfield, Michigan : Trends Pub. Co., 1977.
Edition:7th ed.
Subjects:

MARC

Tag First Indicator Second Indicator Subfields
LEADER 00000cam a2200000 i 4500
001 in00000232621
005 20151009073601.0
008 770915s1977 miua 00010 eng d
010 |a  77081668  
035 |a (OCoLC)03265577 
035 |9 AAZ1080AM 
040 |a IUP  |c IUP  |d TXA  |d UtOrBLW 
049 |a TXAM  |c [978457] 
090 |a HD6483  |b .M58 1977 
100 1 |a Morse, Bruce. 
245 1 0 |a How to negotiate the labor agreement :  |b an outline summary of tested bargaining practice expanded from earlier editions /  |c by Bruce Morse. 
250 |a 7th ed. 
264 1 |a Southfield, Michigan :  |b Trends Pub. Co.,  |c 1977. 
300 |a ix, 83 pages :  |b illustrations ;  |c 20 cm. 
336 |a text  |b txt  |2 rdacontent 
337 |a unmediated  |b n  |2 rdamedia 
338 |a volume  |b nc  |2 rdacarrier 
650 0 |a Collective bargaining. 
999 |a MARS 
999 f f |s 6bed88f1-ecb1-3526-82b6-e8a9036c35dc  |i 8aee568c-ce14-3b85-8465-d330ed0a7414  |t 0 
952 f f |p ric  |a Texas A&M University  |b Rellis Campus  |c Joint Library Facility  |d Remote Storage  |t 0  |e HD6483 .M58 1977  |h Library of Congress classification  |i unmediated -- volume  |m A14802689336 
998 f f |a HD6483 .M58 1977  |t 0  |l Remote Storage